Every Madden NFL X-Factor QB - Statistics

General Stats
  • This quiz has been taken 54 times
    17 since last reset
  • The average score is 44 of 44
Answer Stats
Team Answer % Correct
Packers Aaron Rodgers
100%
Packers Aaron Rodgers
100%
Packers Aaron Rodgers
100%
Packers Aaron Rodgers
100%
Steelers Ben Roethlisberger
100%
Cowboys Dak Prescott
100%
Saints Drew Brees
100%
Saints Drew Brees
100%
Eagles Jalen Hurts
100%
Eagles Jalen Hurts
100%
Eagles Jalen Hurts
100%
Commanders Jayden Daniels
100%
Bengals Joe Burrow
100%
Bengals Joe Burrow
100%
Bengals Joe Burrow
100%
Bengals Joe Burrow
100%
Bills Josh Allen
100%
Bills Josh Allen
100%
Bills Josh Allen
100%
Bills Josh Allen
100%
Ravens Lamar Jackson
100%
Ravens Lamar Jackson
100%
Ravens Lamar Jackson
100%
Ravens Lamar Jackson
100%
Ravens Lamar Jackson
100%
Ravens Lamar Jackson
100%
Chiefs Patrick Mahomes
100%
Chiefs Patrick Mahomes
100%
Chiefs Patrick Mahomes
100%
Chiefs Patrick Mahomes
100%
Chiefs Patrick Mahomes
100%
Chiefs Patrick Mahomes
100%
Chiefs Patrick Mahomes
100%
Chargers Phillip Rivers
100%
Seahawks Russell Wilson
100%
Seahawks Russell Wilson
100%
Seahawks Russell Wilson
100%
Seahawks Russell Wilson
100%
Patriots Tom Brady
100%
Buccaneers Tom Brady
100%
Buccaneers Tom Brady
100%
Buccaneers Tom Brady
100%
Panthers Cam Newton
92%
Colts Andrew Luck
77%
No matching quizzes found
Score Distribution
Percent of People with Each Score
Percentile by Number Answered
Your Score History
You have not taken this quiz since the last reset